000 00477nam a2200133Ia 4500
008 220217s9999 xx 000 0 und d
100 _aSimi, P.
245 0 _aMicrobiology of biogas plant slurries, its influence on soil chemical and microbial properties and the growth properties of Amananathus retroflexus
260 _bMahatma Gandhi University
_a Kottayam
_c2003
500 _aAvailable at Pathology
500 _aCourse: M.Sc.
700 _aDr Jacob Mathew
942 _cTS
999 _c74648
_d74648